A Redeemed People's Life and Worship / (Record no. 3944)
[ view plain ]
| 000 -LEADER | |
|---|---|
| fixed length control field | 00466nam a22001697a 4500 |
| 003 - CONTROL NUMBER IDENTIFIER | |
| control field | GBCCL |
| 005 - DATE AND TIME OF LATEST TRANSACTION | |
| control field | 20241126110507.0 |
| 008 - FIXED-LENGTH DATA ELEMENTS--GENERAL INFORMATION | |
| fixed length control field | 171218b xxu||||| |||| 00| 0 eng d |
| 040 ## - CATALOGING SOURCE | |
| Transcribing agency | gbc |
| 082 ## - DEWEY DECIMAL CLASSIFICATION NUMBER | |
| Classification number | 248.3 |
| Item number | HUL |
| 100 ## - MAIN ENTRY--PERSONAL NAME | |
| Personal name | Hull, Merle R. |
| 9 (RLIN) | 7073 |
| 245 ## - TITLE STATEMENT | |
| Title | A Redeemed People's Life and Worship / |
| Statement of responsibility, etc. | Merle R. Hull |
| 260 ## - PUBLICATION, DISTRIBUTION, ETC. | |
| Place of publication, distribution, etc. | Illinois: |
| Name of publisher, distributor, etc. | Regular Baptist Press, |
| Date of publication, distribution, etc. | 1988 |
| 300 ## - PHYSICAL DESCRIPTION | |
| Extent | 128 p.; |
| Dimensions | 17 cm. |
| 440 ## - SERIES STATEMENT/ADDED ENTRY--TITLE | |
| Title | Adult Student Manual |
| Volume/sequential designation | 36 |
| 9 (RLIN) | 7705 |
| 942 ## - ADDED ENTRY ELEMENTS (KOHA) | |
| Source of classification or shelving scheme | Dewey Decimal Classification |
| Koha item type | Books |
| Withdrawn status | Lost status | Source of classification or shelving scheme | Damaged status | Not for loan | Home library | Current Library | Shelving location | Date acquired | Total checkouts | Full call number | Barcode | Date last seen | Copy number | Price effective from | Koha item type |
|---|---|---|---|---|---|---|---|---|---|---|---|---|---|---|---|
| Dewey Decimal Classification | GRACE BIBLE COLLEGE | GRACE BIBLE COLLEGE | Ministry & Mission | 2017-12-18 | 248.3 HUL | 004551 | 2025-05-01 | c.1 | 2017-12-18 | Books |